Matemáticas : 2º curso :

Gespeichert in:
Bibliographische Detailangaben
1. Verfasser: Rey Pastor, Julio .
Weitere Verfasser: Puig Adam, Pedro .
Format: Buch
Sprache:Spanisch
Erschienen: Madrid : Unión Poligráfica, 1935
Katalog:MANES:  Suchergebnis im Bibliothekskatalog
Schulbuchspezifische Eigenschaften:
Tags: Tag hinzufügen
Keine Tags, Fügen Sie den ersten Tag hinzu!
Hinzugefügt zu:09.02.2019
Geändert in:07.05.2025

MARC

LEADER 00000cam a2200000 4500
005 20250507134524.0
008 190210S1935 0esp h 0000 00spa0d
040 |a uned  |b spa  |c entro-manes 
041 0 |a spa 
100 2 |a Rey Pastor, Julio .  |9 18044 
245 1 0 |a Matemáticas :   |b 2º curso :  |b (método intuitivo)  |c por J. Rey Pastor, P. Puig Adam 
260 |a Madrid :  |b Unión Poligráfica,  |c 1935 
300 |a 238 p. 
546 |a España 
561 |5 es-BUNED  |3 L.T. 1769  |a España. Fondo Manes UNED  |k MANES 
690 0 |a MATE 
700 2 0 |a Puig Adam, Pedro .  |9 19785 
942 |2 ddc  |c BK 
999 |c 96366  |d 96366 
999 |c manes:96366  |d 96366